Les plus gros partenaires commerciaux - Allemagne - Statistiques

Statistiques générales
  • Ce quiz a été pris 469 fois
  • Le résultat moyen est 16 sur 18
Statistiques - réponses
exportations importations pays % Correct
114 bil 74,2 bil France
100%
79,4 bil 103 bil Chine
99%
127 bil 68,4 bil Etats-Unis
99%
64,4 bil 54,4 bil Italie
95%
57,8 bil 50,0 bil Pologne
95%
24,7 bil 33,4 bil Russie
95%
42,9 bil 29,0 bil Espagne
94%
23,3 bil Japon
93%
64,5 bil 41,2 bil Autriche
92%
98,7 bil 42,5 bil Royaume-Uni
92%
55,9 bil 47,8 bil Suisse
92%
45,4 bil 40,9 bil Belgique
91%
87,8 bil 97,5 bil Pays-Bas
91%
25,6 bil Suède
89%
18,0 bil Norvège
81%
24,8 bil Turquie
79%
40,5 bil 43,8 bil Tchèquie
78%
24,2 bil 26,4 bil Hongrie
66%
Aucun quiz correspondant
Distribution des résultats
% des personnes avec chaque résultat
Percentile par nombre de réponses
Votre historique - résultats
Vous n’avez pas pris ce quiz